00930nam a2200205 a 450000100100000000500170001000800410002702000180006804000250008608200210011110000410013224501000017326000360027330000270030950000700033670000570040695201190046395201250058299900170070700004480020201002045634.0150112s2014 dr a 000 0 spa d a9789945166248 aDO-SdBNPbspacBNPHU axxxxxxxbxxxxxxx1 aCollazo Torres, Luis Gilberto97282410aNotas de Exilio /cLuis Gilberto Collazo Torres ; prólogo Wanda Ivelisse Pabellón García. aSanto Domingo :bBúho,c2014. a78 p. :bil. ;c23 cm. aIncluye datos biográficos del autor en la solapa de la cubierta1 aPabellón García, Wanda Ivelisse,epról.972825 0010718PDaPDbPDcHDd2015-01-12iLF1l0oxxxxxxx xxxxxxxp44800-10r2020-06-25w2020-06-25yLFPDZNo se presta 0010718PDaPDbPDcHDd2015-01-12iLF1l0oxxxxxxx xxxxxxxp44800-20r2020-06-25te. 2w2020-06-25yLFPDZNo se presta c44289d44289